000 01215nam a22002775i 4500
001 11917
003 ES-MaACL
005 20230906150212.0
007 t|
008 941011s1994 sp ||||0| spa j
020 _a84-86852-46-3
040 _aM-BN
_bspa
_cM-BN
080 _a615.8-056.263(063)
111 2 _aSimposio Internacional sobre Eliminación de Barreras de Comunicación (
_d1993.
_cMadrid)
_91078
245 1 0 _aSimposio Internacional sobre Eliminación de Barreras de Comunicación
_b: Madrid, 24, 25 y 26 de julio de 1993 /
_corganización, Instituto Nacional de Servicios Sociales y Federación Española de Asociaciones de Padres y Amigos de los Sordos.
250 _a1ª ed.
260 _aMadrid :
_bInstituto Nacional de Servicios Sociales,
_c1994.
300 _a202 p ;
_c22 cm.
490 1 _aColección Rehabilitación ;
_v44
650 1 4 _aSordos-
_xRehabilitación-
_vCongresos y asambleas.
_917230
710 2 _aInstituto Nacional de Servicios Sociales (España)
_95189
710 2 _aFederación Ibérica de Asociaciones de Padres y Amigos de los Sordos.
_94107
830 0 _aColección Rehabilitación ;
_v44
_9179226
852 _aES-MaACL
_jL-19149
_bR.122974
999 _c11917
_d11917